| 000 | 01391cam a2200361 a 4500 | ||
|---|---|---|---|
| 999 |
_c234823 _d234823 |
||
| 001 | 12489466 | ||
| 003 | Nust | ||
| 005 | 20170330200452.0 | ||
| 008 | 010618s2001 stk 000 1 eng | ||
| 010 | _a 2001411793 | ||
| 015 | _aGBA1-35891 | ||
| 020 | _a9780349117003 | ||
| 035 | _a(Uk)0748662979 | ||
| 035 | _a(UkENL)E3323113 | ||
| 035 | _a(CStRLIN)UKBPGBA135891-B | ||
| 040 |
_aUkENL _cUkENL _dUk _dDLC |
||
| 043 | _af-bs--- | ||
| 050 | 0 | 0 |
_aPR6063.C326 _bM67 2001 |
| 082 | 0 | 0 |
_a823.914 _bSMI |
| 100 | 1 |
_aMcCall Smith, Alexander, _d1948- |
|
| 245 | 1 | 0 |
_aMorality for beautiful girls / _cAlexander McCall Smith. |
| 260 |
_aEdinburgh : _bPolygon, _c2001. |
||
| 300 |
_a246 p. ; _c22 cm. |
||
| 500 | _a"More from the No. 1 Ladies' Detective Agency"--Cover. | ||
| 600 | 1 | 0 |
_aRamotswe, Precious _c(Fictitious character) _vFiction. |
| 650 | 0 |
_aWomen private investigators _zBotswana _vFiction. |
|
| 650 | 0 |
_aBeauty contests _vFiction. |
|
| 650 | 0 |
_aNo. 1 Ladies' Detective Agency (Imaginary organization) _vFiction. |
|
| 651 | 0 |
_aBotswana _vFiction. |
|
| 655 | 7 |
_aMystery fiction. _2gsafd |
|
| 906 |
_a7 _bcbc _corigres _d3 _encip _f20 _gy-gencatlg |
||
| 942 |
_2ddc _cBK |
||